000 01307nam a2200325 a 4500
001 ebr10496818
003 CaPaEBR
006 m u
007 cr cn|||||||||
008 111005s2011 enka s 001 0 eng d
020 _z9781849690720
020 _z9781849690737 (e-book)
040 _aCaPaEBR
_cCaPaEBR
035 _a(OCoLC)759160484
050 1 4 _aTR897.7
_b.F67 2011eb
100 1 _aFord, James.
245 1 0 _aFlash Facebook cookbook
_h[electronic resource] :
_bover 60 recipes for integrating Flash applications with the Graph API and Facebook /
_cJames Ford.
260 _aBirmingham :
_bPackt Open Source,
_c2011.
300 _aiii, 370 p. :
_bill. (some col.).
490 0 _aQuick answers to common problems
500 _aIncludes index.
533 _aElectronic reproduction.
_bPalo Alto, Calif. :
_cebrary,
_d2011.
_nAvailable via World Wide Web.
_nAccess may be limited to ebrary affiliated libraries.
630 0 0 _aFlash (Computer file)
630 0 0 _aFacebook (Electronic resource)
650 0 _aComputer animation.
650 0 _aApplication software
_xDevelopment.
655 7 _aElectronic books.
_2local
710 2 _aebrary, Inc.
856 4 0 _uhttp://site.ebrary.com/lib/rucke/Doc?id=10496818
_zAn electronic book accessible through the World Wide Web; click to view
999 _c231255
_d231255